[Event "IECC M email"]
[Site "IECC email"]
[Date "2001.02.24"]
[Round "?"]
[White "Oldford, Ryan"]
[Black "Christensen, Del"]
[Result "0-1"]
[WhiteElo "983"]
[BlackElo "924"]
[PlyCount "66"]
[EventDate "2001.??.??"]
[EventType "tourn (corr)"]
[EventRounds "6"]
[SourceTitle "Corr 2008"]
[Source "ChessBase"]
[SourceDate "2008.06.24"]
[SourceVersion "1"]
[SourceVersionDate "2008.06.24"]
[SourceQuality "1"]

1. e4 e5 2. Nf3 Nc6 3. Nc3 d6 4. Bb5 Bd7 5. 0-0 a6 6. Bc4 Nf6 7. a4 Be7 8. d3 0-0 9. Bg5 h6 10. Bxf6 Bxf6 11. Nd5 Bg4 12. Nd2 Bxd1 13. Rfxd1 Re8 14. Re1 Nd4 15. Rac1 c6 16. Nb6 Qxb6 17. Re3 Bg5 18. Rg3 Ne2+ 19. Kf1 Nxc1 20. Nf3 Bf4 21. Rh3 Be3 22. Nh4 Bxf2 23. g4 d5 24. exd5 cxd5 25. Rf3 Bxh4 26. Kg2 dxc4 27. dxc4 e4 28. Rf4 Qxb2 29. Kh3 g5 30. Rf5 Qc3+ 31. Kg2 Qxc2+ 32. Kf1 Qe2+ 33. Kg1 Qxg4+ 0-1